Famous Writers of Science Fiction - Statistics

General Stats
  • This quiz has been taken 188 times
  • The average score is 11 of 20
Answer Stats
Works by Author Author % Correct
The Time Machine; The War of the Worlds H. G. Wells
91%
I, Robot; Foundation and Empire Isaac Asimov
91%
Journey to the Center of the Earth; Twenty Thousand Leagues Under the Sea Jules Verne
89%
The Martian Chronicles; Fahrenheit 451 Ray Bradbury
83%
Frankenstein or The Modern Prometheus; The Last Man Mary Shelley
80%
Dune; Destination: Void Frank Herbert
77%
2001: A Space Odyssey; Rendezvous with Rama Arthur C. Clarke
75%
The Hitchhiker's Guide to the Galaxy; Dirk Gently's Holistic Detective Agency Douglas Adams
75%
Do Androids Dream of Electric Sheep?; Flow My Tears, the Policeman Said Philip K. Dick
73%
Cat's Cradle; Slaughterhouse-Five Kurt Vonnegut
71%
Ender's Game; The Homecoming Saga Orson Scott Card
56%
Have Spacesuit--Will Travel; Starship Troopers Robert A. Heinlein
51%
The Left Hand of Darkness; The Word for World Is Forest Ursula K. Le Guin
50%
To the Stars; Battlefield Earth L. Ron Hubbard
43%
Doomsday Book; To Say Nothing of the Dog Connie Willis
15%
Patternmaster; Parable of the Sower Octavia E. Butler
15%
Ancillary Justice; Ancillary Sword Ann Leckie
13%
Barrayar; The Warrior's Apprentice Lois McMaster Bujold
13%
Warm Worlds and Otherwise; Her Smoke Rose Up Forever James Tiptree, Jr.
10%
The Shadow Speaker; Who Fears Death Nnedi Okorafor
4%
No matching quizzes found
Score Distribution
Percent of People with Each Score
Percentile by Number Answered
Your Score History
You have not taken this quiz